Probability and statistical inference (Record no. 32656)
[ view plain ]
| 000 -LEADER | |
|---|---|
| fixed length control field | 007570000a22003010004500 |
| 082 ## - DEWEY DECIMAL CLASSIFICATION NUMBER | |
| Classification number | 519.2 |
| Item number | H679p |
| -- | T |
| 020 ## - INTERNATIONAL STANDARD BOOK NUMBER | |
| International Standard Book Number | 81-7808-631-X |
| 041 ## - LANGUAGE CODE | |
| Language code of text/sound track or separate title | Eng |
| 100 ## - MAIN ENTRY--PERSONAL NAME | |
| Personal name | Hogg, Robert V. |
| 245 ## - TITLE STATEMENT | |
| Title | Probability and statistical inference |
| 250 ## - EDITION STATEMENT | |
| Edition statement | 6th edn. |
| 260 ## - PUBLICATION, DISTRIBUTION, ETC. (IMPRINT) | |
| Place of publication, distribution, etc | Delhi |
| Name of publisher, distributor, etc | Pearson Education, India |
| 260 ## - PUBLICATION, DISTRIBUTION, ETC. (IMPRINT) | |
| Date of publication, distribution, etc | 2002 |
| 300 ## - PHYSICAL DESCRIPTION | |
| Extent | viii,704p. |
| Other physical details | illus. |
| 530 ## - ADDITIONAL PHYSICAL FORM AVAILABLE NOTE | |
| Additional physical form available note | M |
| 500 ## - GENERAL NOTE | |
| General note | Bibliogaphy: p.643-644 |
| 650 ## - SUBJECT ADDED ENTRY--TOPICAL TERM | |
| Topical term or geographic name as entry element | Applied mathematics |
| 650 ## - SUBJECT ADDED ENTRY--TOPICAL TERM | |
| Topical term or geographic name as entry element | Statistical inference |
| 650 ## - SUBJECT ADDED ENTRY--TOPICAL TERM | |
| Topical term or geographic name as entry element | Probability |
| 650 ## - SUBJECT ADDED ENTRY--TOPICAL TERM | |
| Topical term or geographic name as entry element | Mathematics |
| 650 ## - SUBJECT ADDED ENTRY--TOPICAL TERM | |
| Topical term or geographic name as entry element | Statistics |
| 650 ## - SUBJECT ADDED ENTRY--TOPICAL TERM | |
| Topical term or geographic name as entry element | Statistical mathematics |
| 650 ## - SUBJECT ADDED ENTRY--TOPICAL TERM | |
| Topical term or geographic name as entry element | Hypothesis |
| 650 ## - SUBJECT ADDED ENTRY--TOPICAL TERM | |
| Topical term or geographic name as entry element | Estimation |
| 650 ## - SUBJECT ADDED ENTRY--TOPICAL TERM | |
| Topical term or geographic name as entry element | Multivariate analysis |
| 650 ## - SUBJECT ADDED ENTRY--TOPICAL TERM | |
| Topical term or geographic name as entry element | Sampling distributions |
| 942 ## - ADDED ENTRY ELEMENTS (KOHA) | |
| Koha item type | General Collections |
| Withdrawn status | Lost status | Damaged status | Not for loan | Home library | Current library | Date acquired | Total Checkouts | Barcode | Date last seen | Price effective from | Source of classification or shelving scheme | Shelving location | Total Renewals | Full call number | Date checked out | Koha item type |
|---|---|---|---|---|---|---|---|---|---|---|---|---|---|---|---|---|
| Tribhuvan University Central Library | Tribhuvan University Central Library | 06/20/2010 | 126155 | 06/20/2010 | 06/20/2010 | |||||||||||
| Tribhuvan University Central Library | Tribhuvan University Central Library | 06/20/2010 | 2 | 128785 | 05/30/2024 | 06/20/2010 | Dewey Decimal Classification | New Building | 1 | 519.2 H679p T | 05/19/2024 | General Collections | ||||
| Tribhuvan University Central Library | Tribhuvan University Central Library | 06/20/2010 | 1 | 128786 | 10/26/2014 | 06/20/2010 | 09/09/2014 | |||||||||
| Tribhuvan University Central Library | Tribhuvan University Central Library | 06/20/2010 | 4 | 128787 | 05/12/2024 | 06/20/2010 | Dewey Decimal Classification | New Building | 1 | 519.2 H679p T | 04/25/2024 | General Collections | ||||
| Tribhuvan University Central Library | Tribhuvan University Central Library | 06/20/2010 | 1 | 128444 | 05/25/2016 | 06/20/2010 | 04/28/2016 | |||||||||
| Tribhuvan University Central Library | Tribhuvan University Central Library | 06/20/2010 | 131019 | 06/20/2010 | 06/20/2010 | |||||||||||
| Tribhuvan University Central Library | Tribhuvan University Central Library | 01/18/2011 | 135074 | 01/18/2011 | 01/18/2011 | General Collections | ||||||||||
| Tribhuvan University Central Library | Tribhuvan University Central Library | 06/21/2011 | 3 | 135099 | 05/03/2019 | 06/21/2011 | Dewey Decimal Classification | New Building | 519.2 H679p | 04/25/2019 | General Collections |
